8 [i.e. Octava] Bienal Internacional del Cartel en México = Eighth International Biennial of the Poster in Mexico = Oitava Bienal Internacional do Cartaz no Mexico. (Record no. 883)

MARC details
000 -CABECERA
campo de control de longitud fija 01101nam a2200229 a 4500
001 - NÚMERO DE CONTROL
campo de control BRCA_1001
005 - FECHA Y HORA DE LA ÚLTIMA TRANSACCIÓN
campo de control 20190320203234.0
008 - DATOS DE LONGITUD FIJA--INFORMACIÓN GENERAL
campo de control de longitud fija 290805s2004----mx-a---g##---#000-0#spa-#
041 ## - CÓDIGO DE LENGUA
Código de lengua del texto/banda sonora o título independiente spa
044 ## - CÓDIGO DEL PAÍS DE LA ENTIDAD EDITORA/PRODUCTORA
Código MARC del país mx
050 #4 - SIGNATURA TOPOGRÁFICA DE LA BIBLIOTECA DEL CONGRESO
Número de clasificación NC1807.M4
Número de documento/Ítem .B54 8
-- 2004
245 10 - MENCIÓN DE TÍTULO
Título 8 [i.e. Octava] Bienal Internacional del Cartel en México = Eighth International Biennial of the Poster in Mexico = Oitava Bienal Internacional do Cartaz no Mexico.
260 ## - PUBLICACIÓN, DISTRIBUCIÓN, ETC.
Lugar de publicación, distribución, etc. México
Nombre del editor, distribuidor, etc. Gobierno del Estado de Veracruz : UAM : UNAM : Universidad Veracruzana : Fondo Nacional para la Cultura y las Artes : Trama Visual AC
Fecha de publicación, distribución, etc. 2004
300 ## - DESCRIPCIÓN FÍSICA
Extensión 203 p.
Otras características físicas il. a color
Dimensiones 30 cm.
500 ## - NOTA GENERAL
Nota general Catálogo de la exposición realizada en el Museo Franz Mayer (Ciudad de México), 25 octubre, 2004 - 30 enero, 2005
546 ## - NOTA DE LENGUA/LENGUAJE
Nota de lengua/lenguaje Texto en : español, portugués e inglés
650 14 - PUNTO DE ACCESO ADICIONAL DE MATERIA--TÉRMINO DE MATERIA
Término de materia o nombre geográfico como elemento de entrada Carteles
Subdivisión de forma Concursos
Subdivisión general Diseño
Subdivisión geográfica México
9 (RLIN) 3304
650 14 - PUNTO DE ACCESO ADICIONAL DE MATERIA--TÉRMINO DE MATERIA
Término de materia o nombre geográfico como elemento de entrada Diseñadores gráficos
Subdivisión de forma Exposiciones
Subdivisión geográfica México
9 (RLIN) 3305
740 0# - PUNTO DE ACCESO ADICIONAL--TÍTULO RELACIONADO O ANALÍTICO NO CONTROLADO
Título relacionado o analítico no controlado Eighth International Biennial of the Poster in Mexico
740 0# - PUNTO DE ACCESO ADICIONAL--TÍTULO RELACIONADO O ANALÍTICO NO CONTROLADO
Título relacionado o analítico no controlado Oitava Bienal Internacional do Cartaz no Mexico
942 ## - ELEMENTOS DE PUNTO DE ACCESO ADICIONAL (KOHA)
Fuente del sistema de clasificación o colocación Library of Congress Classification
Tipo de ítem Koha Libros
Holdings
Estado de retiro Estado de pérdida Estado dañado No para préstamo Localización permanente Ubicación/localización actual Fecha de adquisición Total de préstamos Signatura topográfica completa Código de barras Fecha visto por última vez Precio válido a partir de Tipo de ítem Koha
El ejemplar forma parte de la colección y puede ser consultado según las políticas vigentes.       Biblioteca del Museo Franz Mayer (Rogerio Casas-Alatriste) Biblioteca del Museo Franz Mayer (Rogerio Casas-Alatriste) 26/06/2008   NC1807.M4 .B54 8 2004 01494 22/03/2019 22/03/2019 Libros